कोश विज्ञान (Record no. 173940)
| 000 -LEADER | |
|---|---|
| fixed length control field | 00730nam a2200193Ia 4500 |
| 003 - CONTROL NUMBER IDENTIFIER | |
| control field | LDD |
| 008 - FIXED-LENGTH DATA ELEMENTS--GENERAL INFORMATION | |
| fixed length control field | 190117s9999 xx 000 0 und d |
| 020 ## - INTERNATIONAL STANDARD BOOK NUMBER | |
| Terms of availability | ₹75 |
| 040 ## - CATALOGING SOURCE | |
| Transcribing agency | LDD |
| 041 ## - LANGUAGE CODE | |
| Language code of text/sound track or separate title | hi |
| 082 ## - DEWEY DECIMAL CLASSIFICATION NUMBER | |
| Classification number | 8h0.3 सिं76को |
| 100 ## - MAIN ENTRY--PERSONAL NAME | |
| Personal name | सिंह, राम अधार |
| 245 #0 - TITLE STATEMENT | |
| Title | कोश विज्ञान |
| Remainder of title | सिद्धांत एवं प्रयोग |
| Statement of responsibility, etc. | राम अधार सिंह |
| 260 ## - PUBLICATION, DISTRIBUTION, ETC. | |
| Place of publication, distribution, etc. | मद्रास |
| Name of publisher, distributor, etc. | दक्षिण भारत हिन्दी प्रचार सभा |
| Date of publication, distribution, etc. | 1990 |
| 300 ## - PHYSICAL DESCRIPTION | |
| Extent | 184 |
| 901 ## - LOCAL DATA ELEMENT A, LDA (RLIN) | |
| a | HBC |
| 904 ## - LOCAL DATA ELEMENT D, LDD (RLIN) | |
| a | Reqst by : वी.रा.जगन्नाथन |
| 942 ## - ADDED ENTRY ELEMENTS (KOHA) | |
| Source of classification or shelving scheme | Dewey Decimal Classification |
| Koha item type | Hindi Books |
| Withdrawn status | Lost status | Source of classification or shelving scheme | Damaged status | Not for loan | Home library | Current library | Date acquired | Total Checkouts | Full call number | Barcode | Date last seen | Price effective from | Koha item type |
|---|---|---|---|---|---|---|---|---|---|---|---|---|---|
| No | Dewey Decimal Classification | Library and Documentation Division | Library and Documentation Division | 01/17/2019 | 8h0.3 सिं76को | H007565 | 01/17/2019 | 01/17/2019 | Hindi Books |
